| 000 | 00754nam a22002297a 4500 | ||
|---|---|---|---|
| 003 | OSt | ||
| 005 | 20240530110423.0 | ||
| 008 | 150315s2009 ua afolf b 001 0 eng d | ||
| 020 | _a9774379853 | ||
| 040 |
_aEG-CaGPL _cEG-CaGPL |
||
| 082 | 0 | 4 |
_221 _a709.32 _bCC/N A |
| 100 | 0 | _aNaguib Kanawati | |
| 245 | 1 | 0 |
_aArtists in the old kingdom : _btechniques and achievements / _cNaguib Kanawati , Alexandra Woods ; Zahi Hawass |
| 260 |
_aCairo : _bThe Supreme Council of Antiquities , _c2009. |
||
| 300 |
_a261 p. : _bcol. ill. , plates ; _c32 cm. |
||
| 504 | _aIncludes bibliographical references and index. | ||
| 650 | 0 |
_aArt _xEgyptian |
|
| 650 | 0 |
_aArt _xClassical |
|
| 651 | 0 |
_aEgypt _xAntiquities |
|
| 942 |
_2ddc _cBK |
||
| 999 |
_c60695 _d60695 |
||